10 najlepszych hiszpańskich klubów w tabeli wszechczasów - Statystyki

Ogólne statystyki
  • Ten quiz został rozwiązany 71 razy
  • Średni wynik to 6 z 10
Statystyki odpowiedzi
L.p Drużyna Punkty % Poprawnych
1. Real Madryt 6149
100%
2. FC Barcelona 5978
98%
3. Atlético Madryt 4936
92%
4. Athletic Bilbao 4691
69%
9. Real Betis 2712
61%
8. Real Sociedad 3624
58%
6. Sevilla FC 3966
55%
5. Valencia CF 4591
42%
10. Real Saragossa 2617
20%
7. RCD Espanyol 3698
6%
Nie znaleziono quizów pasujących do podanych kryteriów
Rozkład punktacji
Procent ludzi z każdym wynikiem
Percentyl według liczby udzielonych odpowiedzi
Twoja historia wyników
Nie rozwiązałeś tego quizu